[Event "Women's Speed Chess Q7"]
[Site "chess.com INT"]
[Date "2021.06.06"]
[Round "14"]
[White "Ambartsumova, Karina"]
[Black "Zakirova, Aisha"]
[Result "1-0"]
[WhiteTitle "IM"]
[BlackTitle "WCM"]
[WhiteElo "2382"]
[BlackElo "1585"]
[WhiteFideId "4166299"]
[BlackFideId "13719734"]
[EventDate "2021.06.06"]

1. c4 Nf6 2. Nc3 g6 3. Nf3 Bg7 4. g3 O-O 5. Bg2 d5 6. cxd5 Nxd5 7. O-O Nxc3 8.
dxc3 c5 9. Be3 Qc7 10. Bf4 e5 11. Be3 Rd8 12. Qa4 Bd7 13. Qa3 Rc8 14. Rfd1 Na6
15. Nd2 Bc6 16. Ne4 Bxe4 17. Bxe4 Rd8 18. Qb3 Rxd1+ 19. Rxd1 Rb8 20. Qd5 Kh8 21.
Bc2 f5 22. Qd7 Qb6 23. Bb3 Bf6 24. Rd6 Rd8 25. Rxb6 Rxd7 26. Rxf6 Nc7 27. Rf7
Rxf7 28. Bxf7 Kg7 29. Bb3 Kf6 30. Bxc5 b6 31. Be3 g5 32. Kg2 f4 33. gxf4 gxf4
34. Bd2 Kf5 35. Bc2+ e4 36. f3 Ke5 37. Bxe4 h6 38. e3 fxe3 39. Bxe3 h5 40. Bd4+
Kf4 41. Kf2 Ne6 42. Be3+ Ke5 43. Bg6 h4 44. h3 Kf6 45. Bd3 Ke5 46. a4 Kf6 47. f4
Nc7 48. Kf3 Nd5 49. Bd4+ Kf7 50. f5 Ke7 51. Be4 Nc7 52. f6+ Kf7 53. Kg4 a5 54.
Kf5 Ne6 55. Bd5 1-0

[Event "Women's Speed Chess Q7"]
[Site "chess.com INT"]
[Date "2021.06.06"]
[Round "14"]
[White "Arabidze, Meri"]
[Black "Frayna, Janelle Mae"]
[Result "1-0"]
[WhiteTitle "IM"]
[BlackTitle "WGM"]
[WhiteElo "2432"]
[BlackElo "2179"]
[WhiteFideId "13604040"]
[BlackFideId "5212499"]
[EventDate "2021.06.06"]

1. Nf3 Nf6 2. e3 g6 3. b3 Bg7 4. Bb2 O-O 5. c4 d6 6. Be2 Nc6 7. O-O e5 8. d3 Re8
9. a3 a5 10. Nc3 e4 11. Nxe4 Nxe4 12. Bxg7 Kxg7 13. dxe4 Rxe4 14. Qc2 Re8 15.
Rfd1 Qf6 16. Rac1 Bf5 17. Qd2 Rad8 18. h3 Be4 19. b4 axb4 20. axb4 Ra8 21. c5
dxc5 22. bxc5 Red8 23. Qe1 Rxd1 24. Rxd1 Ra2 25. Rc1 Qb2 26. Bc4 Ra4 27. Qc3+
Qxc3 28. Rxc3 Bxf3 29. gxf3 Ne5 30. Be2 Ra5 31. f4 Nd7 32. c6 bxc6 33. Rxc6 Ra7
34. Bf3 Nb6 35. Kg2 Nc8 36. h4 Ne7 37. Rc5 h5 38. f5 Nxf5 39. Kh3 Ra4 40. Rxc7
Rxh4+ 41. Kg2 Ra4 42. Bd5 Nd6 43. Rd7 Ra6 44. e4 Kf6 45. f4 g5 46. e5+ Kf5 47.
exd6 Kxf4 48. Bxf7 Kg4 49. Be6+ Kh4 50. Rd8 g4 51. d7 Rb6 52. Rc8 Rb2+ 53. Kf1
Kg3 54. d8=Q Rb1+ 55. Ke2 Rb2+ 56. Ke3 Rb3+ 57. Bxb3 1-0

[Event "Women's Speed Chess Q7"]
[Site "chess.com INT"]
[Date "2021.06.06"]
[Round "14"]
[White "Bivol, Alina"]
[Black "Mendoza, Shania Mae"]
[Result "0-1"]
[WhiteTitle "WGM"]
[BlackTitle "WFM"]
[WhiteElo "2374"]
[BlackElo "2158"]
[WhiteFideId "4100123"]
[BlackFideId "5211158"]
[EventDate "2021.06.06"]

1. e4 e5 2. Nf3 Nc6 3. Bc4 Nf6 4. d3 Be7 5. O-O O-O 6. Nbd2 d5 7. exd5 Nxd5 8.
Ne4 h6 9. Nc3 Be6 10. Nxd5 Bxd5 11. Bxd5 Qxd5 12. Nd2 f5 13. Qh5 Qf7 14. Qxf7+
Rxf7 15. Nc4 Bf6 16. Be3 a6 17. a4 Re8 18. Bc5 b6 19. Ba3 a5 20. Rfe1 Nd4 21.
Rac1 e4 22. dxe4 fxe4 23. Ne3 Bg5 24. b3 c5 25. Bb2 Bxe3 26. Rxe3 Nf5 27. Re2
Rfe7 28. Rd1 Re6 29. h3 R8e7 30. g4 Nh4 31. Rd8+ Kf7 32. Kh2 Re8 33. Rd7+ R6e7
34. Rd6 Re6 35. Rd5 Nf3+ 36. Kg2 g5 37. Kg3 Nh4 38. Bc1 Ng6 39. Rf5+ Rf6 40. Rd2
Re7 41. Rd6 Rxf5 42. gxf5 Ne5 43. Rxh6 Nf3 44. Rxb6 Nd4 45. Bxg5 Nxf5+ 46. Kf4
Re6 47. Rb7+ Kg6 48. h4 Ng7 0-1

[Event "Women's Speed Chess Q7"]
[Site "chess.com INT"]
[Date "2021.06.06"]
[Round "14"]
[White "Semenova, Elena1"]
[Black "Vantika, Agrawal"]
[Result "1-0"]
[WhiteTitle "WIM"]
[BlackTitle "WIM"]
[WhiteElo "2246"]
[BlackElo "2286"]
[WhiteFideId "24125148"]
[BlackFideId "25050389"]
[EventDate "2021.06.06"]

1. e4 c5 2. Nf3 d6 3. Nc3 a6 4. d4 cxd4 5. Nxd4 Nf6 6. f4 Qc7 7. a4 e5 8. Nf3 h6
9. Bd3 Be7 10. O-O O-O 11. Kh1 Nbd7 12. Qe1 b6 13. Nh4 Nc5 14. fxe5 dxe5 15. Nf5
Bxf5 16. Rxf5 Nxd3 17. cxd3 Rad8 18. Qg3 Kh7 19. Bd2 g6 20. Rf3 Nh5 21. Qf2 Kg7
22. Nd5 Rxd5 23. exd5 Bc5 24. Be3 Bxe3 25. Qxe3 Qd6 26. Re1 Re8 27. Qe4 Nf6 28.
Qh4 Nxd5 29. Ref1 f5 30. Qc4 a5 31. Qb5 Re7 32. Rc1 Nf6 33. Rf2 h5 34. Rfc2 h4
35. Rc6 Qd4 36. Qc4 Qe3 37. Rc7 Rxc7 38. Qxc7+ Kh6 39. Rf1 Ng4 40. Qc2 h3 41.
gxh3 Nf6 42. Qg2 Kg7 43. Rg1 Qh6 44. Qb7+ Kh8 45. Qxb6 Kg7 46. Qd8 Qxh3 47. Qe7+
Kh6 48. Qf8+ Kh7 49. Qf7+ Kh6 50. Qxg6# 1-0

[Event "Women's Speed Chess Q7"]
[Site "chess.com INT"]
[Date "2021.06.06"]
[Round "14"]
[White "Balabayeva, Xeniya"]
[Black "Garifullina, Leya"]
[Result "1/2-1/2"]
[WhiteTitle "WFM"]
[BlackTitle "WGM"]
[WhiteElo "2116"]
[BlackElo "2399"]
[WhiteFideId "13719688"]
[BlackFideId "34127035"]
[EventDate "2021.06.06"]

1. e4 c5 2. Nf3 d6 3. Bb5+ Bd7 4. Bxd7+ Qxd7 5. O-O Nf6 6. Re1 e5 7. c3 Nc6 8.
d4 Be7 9. Bg5 h6 10. Bxf6 Bxf6 11. dxe5 dxe5 12. Qxd7+ Kxd7 13. Na3 b6 14. Nc4
Kc7 15. Ne3 Ne7 16. Ng4 Ng6 17. Rad1 Rad8 18. Nxf6 gxf6 19. g3 Rxd1 20. Rxd1 Rd8
21. Rxd8 Kxd8 22. h3 Kd7 23. Nh2 Ke6 24. Ng4 h5 25. Ne3 Ne7 26. Kf1 f5 27. f3
fxe4 28. fxe4 Ng8 29. Kf2 Ne7 30. Kf3 f6 31. Ng2 Kf7 32. Ne1 Kg6 33. Ng2 Nc8 34.
Ne3 Ne7 35. Nc4 Nc8 36. Na3 Nd6 37. b3 Kg5 38. Nc2 Nb5 39. c4 Nc3 40. a3 Nb1 41.
b4 Nd2+ 42. Ke3 Nxc4+ 43. Kd3 Nd6 44. bxc5 bxc5 45. Ne3 h4 46. gxh4+ Kxh4 47.
Nd5 Kxh3 48. Nxf6 Kg3 49. Nd7 Kf4 50. Nxc5 Nb5 51. a4 Nd6 52. Ne6+ Kf3 53. Nc5
Kf4 54. a5 Nc8 55. a6 Nd6 56. Ne6+ Kf3 57. Nc5 Kf4 58. Ne6+ Kf3 59. Nc5 Kf4 1/2-1/2

[Event "Women's Speed Chess Q7"]
[Site "chess.com INT"]
[Date "2021.06.06"]
[Round "14"]
[White "Ortiz Verdezoto, Anahi"]
[Black "Papp, Petra"]
[Result "0-1"]
[WhiteTitle "WIM"]
[BlackTitle "WGM"]
[WhiteElo "2013"]
[BlackElo "2336"]
[WhiteFideId "3614581"]
[BlackFideId "739049"]
[EventDate "2021.06.06"]

1. e4 c6 2. d4 d5 3. e5 c5 4. c3 Nc6 5. Nf3 e6 6. Bd3 Qb6 7. Bc2 Bd7 8. O-O cxd4
9. cxd4 Nb4 10. Bb3 Bb5 11. Ba4 Rc8 12. Bxb5+ Qxb5 13. Nc3 Qa6 14. a3 Ne7 15.
Bg5 Nbc6 16. b4 Qb6 17. Na4 Qc7 18. Rc1 a6 19. Qb3 Nf5 20. b5 axb5 21. Qxb5 Bxa3
22. Rc3 Be7 23. Nb6 Rb8 24. Bxe7 Nxe7 25. Rfc1 O-O 26. h4 Nf5 27. h5 Ncxd4 28.
Nxd4 Nxd4 29. Qb4 Ne2+ 30. Kf1 Nxc3 31. Rxc3 Qxe5 32. Nd7 Qf5 33. Nxb8 Rxb8 34.
Qd6 Rf8 35. h6 g6 36. Qb4 Qf6 37. Rc2 d4 38. Qxb7 d3 39. Rc1 Rd8 40. Rd1 Qd4 41.
Qf3 Qh4 42. g3 Qxh6 43. Rxd3 Qc1+ 44. Kg2 Rxd3 45. Qxd3 Qg5 46. Qc4 Qf6 47. Qc8+
Kg7 48. Qc2 h5 49. Qe2 Qf5 50. Qd2 e5 51. Qc3 f6 52. f4 Qe4+ 53. Kh3 exf4 54.
Qc7+ Kh6 55. gxf4 Qf3+ 56. Kh2 h4 57. Kg1 h3 58. f5 Qg2# 0-1

[Event "Women's Speed Chess Q7"]
[Site "chess.com INT"]
[Date "2021.06.06"]
[Round "14"]
[White "Zawadzka, Jolanta"]
[Black "Belenkaya, Dina"]
[Result "1-0"]
[WhiteTitle "WGM"]
[BlackTitle "WGM"]
[WhiteElo "2403"]
[BlackElo "2341"]
[WhiteFideId "1122320"]
[BlackFideId "24142654"]
[EventDate "2021.06.06"]

1. e4 d5 2. exd5 Qxd5 3. Nc3 Qe5+ 4. Qe2 Qxe2+ 5. Bxe2 Nf6 6. Nf3 a6 7. d4 Bf5
8. Bf4 c6 9. O-O-O e6 10. h3 h5 11. Ne5 Nbd7 12. g4 Bh7 13. g5 Nxe5 14. gxf6 Ng6
15. Bg5 h4 16. Ne4 Nf4 17. fxg7 Nxe2+ 18. Kd2 Bxg7 19. Nd6+ Kd7 20. Nxf7 Rhf8
21. Kxe2 Rxf7 22. Bxh4 Bxc2 23. Rdg1 Be4 24. Rh2 Bf3+ 25. Ke3 Bh6+ 26. Kd3 Bd5
27. Rg6 Bf4 28. Bg3 Bxg3 29. fxg3 Rf3+ 30. Ke2 Raf8 31. h4 R3f5 32. h5 Bf3+ 33.
Ke3 Bxh5 34. Rg7+ Kd6 35. Rxb7 Rf3+ 36. Kd2 Rf2+ 37. Rxf2 Rxf2+ 38. Kc3 Rf3+ 39.
Kc4 Rxg3 40. Rb6 Be2+ 41. Kb4 Rd3 42. Rxa6 Rxd4+ 43. Kc3 Bxa6 44. Kxd4 e5+ 45.
Ke4 Bc4 46. b3 Be6 47. Ke3 Kd5 48. a3 Bf5 49. a4 Bc2 50. a5 Bxb3 51. a6 c5 52.
a7 c4 53. a8=Q+ Kc5 54. Qa5+ Kd6 55. Qb6+ Kd5 56. Qb7+ Kd6 57. Qb4+ Kd5 58. Qb5+
Kd6 59. Qb4+ Kd5 60. Qc3 Kd6 61. Ke4 Kc6 62. Qxe5 Kb6 63. Kd4 Ka6 64. Kc5 Ka5
65. Qa1+ Ba4 66. Qc3+ Ka6 67. Qxc4+ Ka5 68. Qb4+ Ka6 69. Qb6# 1-0

[Event "Women's Speed Chess Q7"]
[Site "chess.com INT"]
[Date "2021.06.06"]
[Round "14"]
[White "Berend, Elvira"]
[Black "Grineva, Marianna"]
[Result "1-0"]
[WhiteTitle "WGM"]
[BlackTitle "WFM"]
[WhiteElo "2326"]
[BlackElo "2029"]
[WhiteFideId "4000510"]
[BlackFideId "14102013"]
[EventDate "2021.06.06"]

1. e4 c5 2. Nf3 d6 3. d4 cxd4 4. Nxd4 Nf6 5. Nc3 g6 6. f4 Bg7 7. e5 Nfd7 8. e6
Nf6 9. exf7+ Kf8 10. Bc4 d5 11. Bb3 e6 12. O-O Kxf7 13. Re1 Nc6 14. Nf3 h6 15.
Ne5+ Nxe5 16. fxe5 Nd7 17. Nxd5 Nxe5 18. Rf1+ Kg8 19. Nf4 Qb6+ 20. Kh1 Kh7 21.
Qe2 Rf8 22. c3 Rf5 23. Bc2 Bd7 24. Bxf5 exf5 25. Nd3 Re8 26. Nxe5 Rxe5 27. Qd1
Bc6 28. Bf4 Re4 29. Qd2 a5 30. Rae1 Qc5 31. Rxe4 Bxe4 32. Be3 Qc4 33. Rg1 Qxa2
34. Bd4 Qf7 35. Bxg7 Qxg7 36. Qd4 Qe7 37. c4 h5 38. c5 h4 39. h3 Kh6 40. Qc3 Kh5
41. Qc1 g5 42. Qd1+ Kg6 43. Qd6+ Qxd6 44. cxd6 Bc6 45. Re1 Kf6 46. Kg1 g4 47.
Kf2 gxh3 48. gxh3 f4 49. Re7 a4 50. Kf1 b5 51. Kf2 b4 52. Rc7 Bb5 53. Rb7 Be8
54. Rxb4 Ke6 55. Rxf4 Kxd6 56. Rxh4 Kc5 57. Rf4 Bd7 58. h4 Be6 59. Kg3 Bg8 60.
h5 Bb3 61. h6 Bg8 62. Rg4 Bh7 63. Rg7 Bd3 64. h7 Bxh7 65. Rxh7 Kb4 66. Rb7+ Kc4
67. Kf4 Kd3 68. Rb4 Kc2 69. Rxa4 Kxb2 70. Rd4 1-0

[Event "Women's Speed Chess Q7"]
[Site "chess.com INT"]
[Date "2021.06.06"]
[Round "14"]
[White "Perez Rodriguez, Jennifer"]
[Black "Kabanova, Ekaterina"]
[Result "1-0"]
[WhiteTitle "WIM"]
[BlackTitle "WFM"]
[WhiteElo "2251"]
[BlackElo "2138"]
[WhiteFideId "3507831"]
[BlackFideId "24112917"]
[EventDate "2021.06.06"]

1. e4 c5 2. c3 e6 3. d4 Qc7 4. Nf3 a6 5. Bd3 b5 6. O-O Bb7 7. Re1 Nf6 8. Nbd2
Be7 9. e5 Nd5 10. Ne4 c4 11. Bc2 Nc6 12. Bg5 f6 13. exf6 gxf6 14. Bh4 O-O-O 15.
Bg3 d6 16. b3 f5 17. Neg5 Bxg5 18. Nxg5 f4 19. Nxe6 Qf7 20. Nxd8 Nxd8 21. Qg4+
Kb8 22. bxc4 Rg8 23. Qf5 Nf6 24. d5 fxg3 25. hxg3 bxc4 26. Rab1 Ka8 27. Re3 Qxd5
28. Qxd5 Nxd5 29. Rf3 Ka7 30. Be4 Ne6 31. Rf5 Nec7 32. Rd1 Ne7 33. Rf7 d5 34.
Rxe7 dxe4 35. Rxc7 Kb6 36. Rdd7 Bc6 37. Rxh7 e3 38. fxe3 Rd8 39. Rcg7 Rd2 40.
Rh2 Rd1+ 41. Kf2 Rd2+ 42. Ke1 Rxa2 43. Rg6 Kc5 44. Rhh6 Bxg2 45. Rxa6 Rb2 46.
Raf6 Be4 47. g4 Bd3 48. g5 Re2+ 49. Kd1 Rg2 50. Kc1 Kb5 51. Rb6+ Kc5 52. Rhc6+
Kd5 53. g6 Ke4 54. Rc7 Kxe3 55. g7 Rg1+ 56. Kb2 Rb1+ 57. Ka3 Ra1+ 58. Kb4 Ra8
59. Kc5 Rg8 60. Rf6 Ke4 61. Rf8 Rxg7 62. Rxg7 Ke3 63. Rgg8 Kd2 64. Re8 Kxc3 65.
Rd8 Kd2 66. Rg4 Ke3 67. Rxc4 Bxc4 68. Kxc4 Ke4 69. Rd5 1-0

[Event "Women's Speed Chess Q7"]
[Site "chess.com INT"]
[Date "2021.06.06"]
[Round "14"]
[White "Nanditha, V"]
[Black "Jakubowska, Anna"]
[Result "1/2-1/2"]
[WhiteTitle "WCM"]
[BlackTitle "WIM"]
[WhiteElo "1666"]
[BlackElo "2073"]
[WhiteFideId "46626697"]
[BlackFideId "1121952"]
[EventDate "2021.06.06"]

1. e4 Nf6 2. e5 Nd5 3. Nc3 Nxc3 4. dxc3 d6 5. f4 Nc6 6. Nf3 g6 7. Bc4 Bg7 8. Qe2
e6 9. O-O O-O 10. Bd2 b6 11. Rad1 Bb7 12. exd6 cxd6 13. Be3 d5 14. Bb3 Na5 15.
Qf2 Nxb3 16. axb3 Qc7 17. Qh4 f6 18. Qh3 Rfe8 19. Nd4 Qf7 20. Nb5 Red8 21. g4 a6
22. Nd4 f5 23. gxf5 exf5 24. Rf2 Re8 25. Rg2 Re4 26. Qg3 Rae8 27. Bf2 Qc7 28. h4
Qxf4 29. Qxf4 Rxf4 30. Bg3 Rg4 31. Nf3 d4 32. Rf1 f4 33. Bh2 h5 34. cxd4 Bxf3
35. Rxf3 Bxd4+ 36. Kf1 Rxg2 37. Kxg2 Re2+ 38. Kh3 Rxc2 39. Bxf4 Rxb2 40. Bh6 Bg7
41. Bg5 a5 42. Rd3 b5 43. Rd8+ Kf7 44. Rd7+ Kf8 45. Rd8+ Kf7 46. Rd7+ Kg8 47.
Rd8+ Kh7 48. Rd3 a4 49. bxa4 bxa4 50. Rd7 Rb3+ 51. Kg2 Rb6 52. Be3 Re6 53. Bd4
Ra6 54. Rxg7+ Kh6 55. Ra7 Rxa7 56. Bxa7 g5 57. Bd4 gxh4 58. Kh3 Kg5 59. Be3+ Kf5
60. Kxh4 Kg6 61. Bc1 Kf5 62. Ba3 Ke4 63. Kxh5 Kd3 64. Bf8 Kc4 65. Kg6 Kb3 66.
Kf5 a3 67. Bxa3 1/2-1/2

[Event "Women's Speed Chess Q7"]
[Site "chess.com INT"]
[Date "2021.06.06"]
[Round "14"]
[White "Kulkarni, Bhakti"]
[Black "Pham, Le Thao Nguyen"]
[Result "0-1"]
[WhiteTitle "IM"]
[BlackTitle "IM"]
[WhiteElo "2391"]
[BlackElo "2369"]
[WhiteFideId "5019516"]
[BlackFideId "12401226"]
[EventDate "2021.06.06"]

1. e4 c6 2. Ne2 d5 3. e5 Bf5 4. Nd4 Bg6 5. e6 Nf6 6. h4 fxe6 7. Qe2 Qd6 8. Nxe6
Bf7 9. Nxf8 Kxf8 10. d4 Nbd7 11. c3 e5 12. dxe5 Nxe5 13. Be3 Nc4 14. Rh3 Re8 15.
Nd2 Nxb2 16. Rb1 Bh5 17. Nf3 Nc4 18. Rxb7 Nxe3 19. fxe3 Re7 20. Rxe7 Qxe7 21.
Qd3 h6 22. Nd4 Qd7 23. Rg3 Kf7 24. Nf3 Re8 25. Be2 Ne4 26. Ng5+ hxg5 27. Bxh5+
g6 28. Rf3+ Kg7 29. Qd4+ Kh6 30. hxg5+ Nxg5 31. Qf6 Nxf3+ 32. Bxf3 Qf5 33. Qxc6
Rxe3+ 34. Kf2 Re5 35. Qa8 Qc2+ 36. Kg3 Qxc3 37. Qh8+ Kg5 38. Qh4+ Kf5 39. Qg4+
Kf6 40. Qf4+ Kg7 41. Qh4 Re3 42. Kh2 Qe5+ 43. Kh3 Qf5+ 44. Kh2 Qe5+ 45. Kh3 d4
46. Qd8 d3 47. Qd7+ Qe7 48. Qd4+ Qe5 49. Qd7+ Kh6 50. Qd8 Qe6+ 51. Kh2 Qe5+ 52.
Kh3 Re1 53. Qf8+ Qg7 54. Qf4+ g5 55. Qd6+ Qg6 56. Qf8+ Qg7 57. Qd6+ Kh7 58. Be4+
Rxe4 59. Qxd3 Qg6 0-1

[Event "Women's Speed Chess Q7"]
[Site "chess.com INT"]
[Date "2021.06.06"]
[Round "14"]
[White "Pandey, Srishti"]
[Black "Hng, Mei-En Emmanuelle"]
[Result "1-0"]
[WhiteTitle "WFM"]
[BlackTitle "WFM"]
[WhiteElo "2026"]
[BlackElo "2013"]
[WhiteFideId "35093290"]
[BlackFideId "5804566"]
[EventDate "2021.06.06"]

1. e4 d6 2. d4 Nf6 3. Nc3 g6 4. Nf3 Bg7 5. Be2 O-O 6. h3 Na6 7. Be3 c5 8. O-O
cxd4 9. Nxd4 Nc5 10. Bf3 Bd7 11. Nde2 Qa5 12. a3 Qc7 13. Rc1 a6 14. b4 Ne6 15.
Nd5 Qd8 16. c4 Nxd5 17. exd5 Nc7 18. Qd2 a5 19. c5 dxc5 20. bxc5 Ne8 21. Rfd1
Ba4 22. Re1 Nf6 23. Nc3 Bd7 24. c6 Bc8 25. Qe2 bxc6 26. dxc6 Ba6 27. Qa2 Qc7 28.
Bd4 Rad8 29. Be5 Qc8 30. c7 Rd3 31. Be2 Rd7 32. Bxa6 Qxa6 33. Bxf6 Bxf6 34. Nd5
Bg5 35. Rc2 Qb7 36. Rb1 Qxd5 37. Qxd5 Rxd5 38. c8=Q Rxc8 39. Rxc8+ Kg7 40. g3
Rd3 41. a4 Rd4 42. Ra1 Bf6 43. Ra2 Rb4 44. Rc5 Rb1+ 45. Kg2 Bd4 46. Rxa5 e5 47.
Rd5 Bc3 48. a5 e4 49. a6 Rb8 50. a7 Ra8 51. Rd7 e3 52. fxe3 Be5 53. Rb7 Bd6 54.
g4 Bc5 55. Kf3 Re8 56. Rb8 Rxe3+ 57. Kg2 Bxa7 58. Rxa7 Re2+ 59. Kf3 Rc2 60. Rbb7
Rc3+ 61. Ke2 Rxh3 62. Rxf7+ Kg8 63. Rfb7 Rh2+ 64. Kf3 Rh3+ 65. Kg2 1-0

[Event "Women's Speed Chess Q7"]
[Site "chess.com INT"]
[Date "2021.06.06"]
[Round "14"]
[White "Sliwicka, Alicja"]
[Black "Gaponenko, Inna"]
[Result "0-1"]
[WhiteTitle "WIM"]
[BlackTitle "IM"]
[WhiteElo "2308"]
[BlackElo "2357"]
[WhiteFideId "1150677"]
[BlackFideId "14101181"]
[EventDate "2021.06.06"]

1. e4 g6 2. d4 Bg7 3. c3 d6 4. g3 Nf6 5. Bg2 O-O 6. Ne2 e5 7. O-O Nc6 8. Bg5 h6
9. Bd2 Nh5 10. d5 Ne7 11. f4 exf4 12. gxf4 f5 13. Nd4 fxe4 14. Bxe4 Bxd4+ 15.
cxd4 Nf5 16. Qf3 Qf6 17. Bc3 Bd7 18. Nd2 Rae8 19. Rae1 Nh4 20. Qf2 Nxf4 21. Qg3
Nh3+ 22. Kh1 Nf2+ 23. Kg1 Nh3+ 24. Kh1 Qg5 25. Qxg5 hxg5 26. Nf3 Nxf3 27. Bxf3
Rxe1 28. Bxe1 g4 29. Bg2 Rxf1+ 30. Bxf1 Nf4 31. Bd2 Nxd5 32. Bc4 Be6 33. Kg1 Kf7
34. Kf2 Kf6 35. Kg3 Kf5 36. Bxd5 Bxd5 37. a3 Bf3 38. h3 Be2 39. hxg4+ Bxg4 40.
Kf2 Bd1 41. Ke3 Bc2 42. Be1 g5 43. Bg3 g4 44. Bf2 Ke6 45. Bg3 Kd5 46. Kd2 Be4
47. Ke3 Bf3 48. Bf2 Kc4 49. Kd2 Kb3 50. Kc1 b5 51. Bg3 a5 52. Bf2 c6 53. Bg3 d5
54. Bf2 b4 55. axb4 axb4 56. Bg3 Kc4 57. Bf2 Kd3 58. Bg3 Ke2 59. Bd6 Kf2 60.
Bxb4 g3 61. Bd6 g2 62. Bh2 g1=Q+ 63. Bxg1+ Kxg1 64. Kd2 Kf2 65. Kd3 Be4+ 66. Kd2
Kf3 67. Kc3 Ke3 68. b3 Bf5 69. b4 Be4 70. b5 cxb5 71. Kb4 Kxd4 72. Kb3 Ke3 73.
Kb2 d4 74. Kc1 d3 75. Kd1 Bf3+ 76. Kc1 d2+ 0-1

[Event "Women's Speed Chess Q7"]
[Site "chess.com INT"]
[Date "2021.06.06"]
[Round "14"]
[White "Bommini, Mounika Akshaya"]
[Black "Sviridova, Vlada"]
[Result "1-0"]
[WhiteTitle "WFM"]
[BlackTitle "WFM"]
[WhiteElo "2029"]
[BlackElo "2144"]
[WhiteFideId "25019872"]
[BlackFideId "24109606"]
[EventDate "2021.06.06"]

1. d4 d5 2. Bf4 Nf6 3. e3 c5 4. c3 Nc6 5. Nd2 e6 6. Ngf3 Bd6 7. Bg3 O-O 8. Bd3
b6 9. Qe2 Bb7 10. Rd1 Re8 11. e4 Be7 12. e5 Nh5 13. Qe3 g6 14. h4 cxd4 15. Nxd4
Bc5 16. N2b3 Bxd4 17. Nxd4 Nxd4 18. Qxd4 Qc7 19. Bf4 Qc5 20. Be3 Qxd4 21. cxd4
a5 22. Kd2 Ba6 23. Rc1 Bxd3 24. Kxd3 Rec8 25. Rxc8+ Rxc8 26. Rc1 Rxc1 27. Bxc1
Ng7 28. b4 axb4 29. Bd2 Nf5 30. g3 Ne7 31. Bxb4 Nc6 32. Bd6 b5 33. Bc5 Kg7 34.
Kc2 f6 35. f4 h6 36. Kb3 g5 37. fxg5 fxg5 38. hxg5 h5 39. a4 bxa4+ 40. Kxa4 Kg6
41. Kb5 Nd8 42. Kb6 Kxg5 43. Kc7 Nf7 44. Kd7 Kf5 45. Ke7 Ng5 46. Bb4 Ne4 47. Be1
Ng5 48. Bd2 Nf3 49. Be3 Ne1 50. Bf2 Nc2 51. Kf7 Nb4 52. Ke7 Nc6+ 53. Kf7 Na5 54.
Ke7 Nc4 55. Kf7 Nd2 56. Ke7 Ne4 57. Be1 Ng5 58. Kd7 Kg4 59. Bd2 Ne4 60. Be1 Nxg3
61. Kxe6 Ne2 62. Kxd5 Nf4+ 63. Kd6 Kf5 64. d5 Nd3 65. e6 1-0

[Event "Women's Speed Chess Q7"]
[Site "chess.com INT"]
[Date "2021.06.06"]
[Round "14"]
[White "Nandhidhaa, P V"]
[Black "Varshini, V"]
[Result "1-0"]
[WhiteTitle "WGM"]
[BlackTitle "WGM"]
[WhiteElo "2365"]
[BlackElo "2226"]
[WhiteFideId "5050847"]
[BlackFideId "5091241"]
[EventDate "2021.06.06"]

1. e4 c5 2. c3 e6 3. d4 d5 4. exd5 Qxd5 5. Nf3 Nf6 6. Be2 Be7 7. O-O O-O 8. dxc5
Bxc5 9. Nbd2 Nc6 10. Bc4 Qd8 11. Nb3 Bd6 12. Bg5 Bc7 13. Qxd8 Rxd8 14. Bxf6 gxf6
15. Rfd1 Bb6 16. Rxd8+ Nxd8 17. Rd1 Nc6 18. Nbd4 Bd7 19. Nb5 Rd8 20. Rd2 a6 21.
Nd6 Na5 22. Bf1 Bc6 23. b4 Bxf3 24. gxf3 Nc6 25. a3 Bc7 26. Ne4 Rxd2 27. Nxd2
Kf8 28. Ne4 Ke7 29. Nc5 Nd8 30. Bd3 a5 31. Bxh7 axb4 32. axb4 b6 33. Na6 Be5 34.
c4 Nc6 35. Be4 Na7 36. c5 bxc5 37. bxc5 Bd4 38. c6 Kd6 39. c7 Kd7 40. h4 Be5 41.
h5 f5 42. Bb7 Nc8 43. Bxc8+ Kxc8 44. h6 Kb7 45. h7 Bg7 46. Kg2 Bh8 47. f4 Bf6
48. Kh3 Bg7 49. Kh4 Bh8 50. Kh5 Bg7 51. Kg5 Kc8 52. Kh5 Kb7 53. Kh4 Kc8 54. Kg3
Kb7 55. Kf3 Kc8 56. Ke3 Kb7 57. Kd3 Kc8 58. Kc4 Kb7 59. Kc5 Bf8+ 60. Kb5 Bg7 61.
Kc4 Kc8 62. Kb5 Kb7 63. Kc4 Kc8 64. Kc5 Kb7 65. Kd6 Bf8+ 66. Kd7 1-0

[Event "Women's Speed Chess Q7"]
[Site "chess.com INT"]
[Date "2021.06.06"]
[Round "14"]
[White "Eswaran, Aksithi"]
[Black "Von Herman, Brigitte"]
[Result "0-1"]
[WhiteTitle "WCM"]
[BlackTitle "WFM"]
[WhiteElo "1745"]
[BlackElo "1991"]
[WhiteFideId "2083485"]
[BlackFideId "4628730"]
[EventDate "2021.06.06"]

1. e4 e5 2. Nf3 Nc6 3. Bc4 Nf6 4. d3 Bc5 5. O-O d6 6. c3 a6 7. Bb3 Ba7 8. Be3 h6
9. h3 g5 10. Nbd2 g4 11. hxg4 Bxg4 12. Re1 Qe7 13. Nf1 Nh5 14. N1h2 Rg8 15. Nxg4
Rxg4 16. Nh2 Rh4 17. g3 Rxh2 18. Kxh2 Nf6 19. Qf3 O-O-O 20. Kg2 Rg8 21. Bxa7
Nxa7 22. Qe3 Nc6 23. Rh1 h5 24. Qf3 Nd8 25. a4 Rg5 26. a5 Ng4 27. Rh4 Kb8 28.
Rah1 f5 29. exf5 Qh7 30. f6 Rf5 31. Qe2 Rxf2+ 32. Qxf2 Nxf2 33. Kxf2 Qf5+ 34.
Kg2 Qxf6 35. Rxh5 Nc6 36. Rh8+ Ka7 37. R8h4 Qg5 38. Rf1 Qd2+ 39. Rf2 Qxd3 40.
Bc4 Qg6 41. Rh8 Nxa5 42. Be2 d5 43. Rhf8 e4 44. R8f4 Nc6 45. Rf1 Qg7 46. R1f2 e3
47. Rf1 d4 48. cxd4 Nxd4 49. Re1 Nxe2 50. Rxe2 Qe7 51. Rf3 Qe4 52. Rxe3 Qd4 53.
Rf2 Qxe3 54. Kg1 Qe1+ 55. Kg2 Qe4+ 56. Kg1 a5 57. Rg2 a4 58. g4 b5 59. g5 Qg6
60. Kf2 b4 61. Rg4 a3 62. bxa3 bxa3 63. Ra4+ Kb7 64. Rxa3 Qxg5 65. Rb3+ Kc8 66.
Rf3 Qc5+ 67. Ke2 Kb7 68. Rd3 Qc4 69. Kd2 c5 70. Rc3 Qd5+ 71. Kc2 Qg2+ 72. Kb3
Kb6 73. Rc2 Kb5 74. Rc3 Qd5+ 75. Kb2 c4 76. Rc2 Kb4 77. Rc3 Qd4 0-1

[Event "Women's Speed Chess Q7"]
[Site "chess.com INT"]
[Date "2021.06.06"]
[Round "14"]
[White "Nguyen, Hong Anh"]
[Black "Potapova, Margarita"]
[Result "1-0"]
[WhiteTitle "WIM"]
[BlackTitle "WIM"]
[WhiteElo "1993"]
[BlackElo "2260"]
[WhiteFideId "12406732"]
[BlackFideId "14126869"]
[EventDate "2021.06.06"]

1. d4 Nf6 2. c4 e6 3. Nf3 d5 4. g3 dxc4 5. Bg2 a6 6. O-O Nc6 7. a4 Rb8 8. e3 b5
9. Bd2 Bb7 10. Qc2 Nb4 11. Bxb4 Bxb4 12. Nc3 O-O 13. axb5 axb5 14. Rfd1 Qe7 15.
Ne5 Bxg2 16. Kxg2 Qd6 17. Ne4 Nxe4 18. Qxe4 Rb6 19. Ra8 f5 20. Rxf8+ Qxf8 21.
Qf3 Ra6 22. d5 exd5 23. Qxd5+ Kh8 24. Nf7+ Kg8 25. Nh6+ Kh8 26. Nxf5 Ra8 27. Nd4
Bd6 28. Qxb5 Rd8 29. Ne6 Qe8 30. Qxe8+ Rxe8 31. Nd4 Rb8 32. Rc1 Rxb2 33. Rxc4
Kg8 34. Nf5 Kf7 35. Nxd6+ cxd6 36. Rc7+ Kf6 37. Rd7 Rd2 38. Kf3 d5 39. h4 h5 40.
Rd6+ Ke7 41. Rg6 Kf7 42. Rd6 Ke7 43. Ra6 d4 44. exd4 Rxd4 45. Ra7+ Kf6 46. Ke3
Rb4 47. Ra6+ Kf7 48. Kf3 g6 49. Kg2 Rc4 50. Kh3 Rb4 51. f3 Rc4 52. g4 hxg4+ 53.
fxg4 Rc3+ 54. Kg2 Rb3 55. Kf2 Rc3 56. Rb6 Ra3 57. Rc6 Rb3 58. Rd6 Rc3 59. Rd4
Ra3 60. Rf4+ Kg7 61. Rf3 Ra4 62. Kg3 Rb4 63. Rc3 Rd4 64. Rc7+ Kf6 65. Rc6+ Kg7
66. Rc7+ Kf6 67. Rc3 Ra4 68. Rf3+ Kg7 69. Rf4 Ra3+ 70. Rf3 Ra4 71. g5 Rb4 72.
Rf4 Rb3+ 73. Kg4 Rb1 74. Rc4 Rg1+ 75. Kf4 Rf1+ 76. Ke5 Rh1 77. Rc7+ Kf8 78. Kf6
Ke8 79. Rh7 Ra1 80. Kxg6 Ra6+ 81. Kh5 Kf8 82. Rb7 Kg8 83. g6 Ra8 84. Kh6 Rd8 85.
h5 Rc8 86. Rg7+ Kh8 87. Rf7 Kg8 88. Kg5 Rc5+ 89. Rf5 Rc8 90. h6 Ra8 91. h7+ Kg7
92. Rf7+ Kh8 93. Rf5 Kg7 94. Rb5 Rc8 95. Rb7+ Kh8 96. Kh6 1-0